Network analysis for planning and scheduling. (Record no. 548385)
[ view plain ]
| 000 -LEADER | |
|---|---|
| fixed length control field | 00611nam a22001811 4500 |
| 082 00 - DEWEY DECIMAL CLASSIFICATION NUMBER | |
| Classification number | 658.4032 |
| Author Mark | BAT |
| 100 1# - MAIN ENTRY--PERSONAL NAME | |
| Personal name | Battersby, Albert. |
| 9 (RLIN) | 44661 |
| 245 10 - TITLE STATEMENT | |
| Title | Network analysis for planning and scheduling. |
| 250 ## - EDITION STATEMENT | |
| Edition statement | 2nd ed. |
| 260 ## - PUBLICATION, DISTRIBUTION, ETC. | |
| Place of publication, distribution, etc. | London, |
| -- | Melbourne [etc.] |
| Name of publisher, distributor, etc. | Macmillan; |
| Place of publication, distribution, etc. | New York, |
| Name of publisher, distributor, etc. | St. Martin's P., |
| Date of publication, distribution, etc. | 1967. |
| 300 ## - PHYSICAL DESCRIPTION | |
| Extent | ix, 414 p. |
| Other physical details | illus. (incl. forms), tables, diagrs. |
| Dimensions | 24 cm. |
| 490 0# - SERIES STATEMENT | |
| Series statement | Studies in management |
| 500 ## - GENERAL NOTE | |
| General note | With solutions to exercises. |
| 526 ## - STUDY PROGRAM INFORMATION NOTE | |
| Program name | 0 |
| Interest level | 0 |
| Reading level | 0 |
| Title point value | 658_403200000000000_BAT |
| 650 #0 - SUBJECT ADDED ENTRY--TOPICAL TERM | |
| Topical term or geographic name entry element | MCE |
| 9 (RLIN) | 379 |
| 650 #0 - SUBJECT ADDED ENTRY--TOPICAL TERM | |
| Topical term or geographic name entry element | Network analysis (Planning) |
| 9 (RLIN) | 25260 |
| 942 ## - ADDED ENTRY ELEMENTS (KOHA) | |
| Source of classification or shelving scheme | |
| Koha item type | Book |
| Withdrawn status | Lost status | Source of classification or shelving scheme | Damaged status | Not for loan | Permanent Location | Current Location | Date acquired | Total Checkouts | Full call number | Barcode | Date last seen | Price effective from | Koha item type |
|---|---|---|---|---|---|---|---|---|---|---|---|---|---|
| Military College of Engineering (MCE) | Military College of Engineering (MCE) | 08/27/2014 | 658.4032 BAT | MCE-42559 | 08/27/2014 | 08/27/2014 | Book |
